00245nam a2200109Ia 4500100002000000250002100020942000700041245001600048260003800064082001400102999001900116 aStanley Lippman a3rd Edition 2001 cBK aC ++ Primer aAddison Wesley Longman Pub. Delhi a5.13bSTA c422147d422147